01741nam a22001937a 450000500170000000800410001702000180005805000170007608200200009310000400011324500840015326000310023730000290026850400330029750510780033065000360140865000490144470000540149320231102152019.0170314s2017 mx 001 0 spa d a9786076104712 4aK564.C6bP55 4a343.0999bP657d1 aPinochet Cantwell, Franciscoeautor10aDerecho de internetb: los principios especialesc/ Francisco Pinochet Cantwell 3aMéxicob: Floresc, 2017 axxxvii, 185 páginasc  aBibliografía (pp. 181-185) aLos nuevos elementos que permiten corroborar la consolidación del derecho de internet como nueva rama del derecho El surgimiento de las nuevas ramas del derecho Características del derecho de internet como nueva rama del derecho Principios especiales del derecho de internet en materia de firma electrónica y documento electrónico Principios especiales del derecho que deben inspirar una legislación de protección de datos personales Los principios First come. First served y otros atributos del nombre de dominio El principio de neutralidad en la red como principio especial del derecho de internet Principio de la libre accesibilidad a internet Princiio de la regulación específica de la protección de la privacidad en internet La privacidad en la redes sociales: viviendo voluntariamente en el panóptico Características propias del derecho de internet Otros problemas pendientes de solución para el desarrollo del derecho de internet El documento electrónico en juicio. su valor aprobatorio y la forma de acompañarlo 14aINTERNETxLEYES Y LEGISLACIÓN24aREDES DE COMPUTADORASxLEYES Y LEGISLACIÓN1 aNaveja Macías, José de Jesús eprologuista